Statistics for Countries Beginning with the Letters of JETPUNK - With a Map

Click here to take the quiz!

General Stats

  • This quiz has been taken 1,743 times
    (1,236 since last reset)
  • The average score is 41 of 56

Answers on the Map

Answers color-coded by a green-red scale on the quiz's map according to % correct below.
 

Answer Stats

Country% Correct
United Kingdom
91%
Jamaica
88%
Japan
88%
United States
88%
Ethiopia
87%
Eritrea
86%
Jordan
86%
Estonia
84%
Uruguay
83%
Ecuador
82%
Kazakhstan
82%
Turkey
82%
Turkmenistan
79%
Niger
78%
Nigeria
78%
Poland
78%
Portugal
78%
Uganda
78%
United Arab Emirates
78%
Uzbekistan
78%
Pakistan
77%
Peru
77%
Kyrgyzstan
76%
Paraguay
76%
Thailand
76%
Ukraine
75%
Egypt
74%
Kenya
74%
Namibia
74%
Nicaragua
74%
Norway
73%
Tajikistan
73%
Palau
72%
El Salvador
71%
Nepal
71%
Panama
71%
Togo
71%
Kiribati
70%
North Korea
69%
Tanzania
68%
New Zealand
67%
Tonga
67%
Nauru
66%
Papua New Guinea
66%
Philippines
66%
East Timor
65%
Kosovo
65%
Netherlands
65%
Tuvalu
65%
Eswatini
64%
Trinidad & Tobago
64%
Tunisia
63%
Kuwait
62%
Equatorial Guinea
61%
Taiwan
60%
North Macedonia
48%

Score Distribution

Percentile by Number Answered

Percent of People with Each Score

Your Score History

You have not taken this quiz since the last reset